000 01271nam a2200241Ia 4500
003 Ost
005 20260416102350.0
008 260416s9999||||xx |||||||||||||| ||und||
040 _cfsecg
041 _aara
082 _a332.1
100 _aقانة، زكي
_eمؤلف
245 0 _aتقنيات بنكية /
_c زكي قانة
260 _aالجزائر
_bجامعة الجزائر3: كلية العلوم الإقتصادية، العلوم التجارية وعلوم التسيير
_c2014
300 _a120 ورقة
_bايضاحات
_c30 سم
504 _aمراجع ص.117
520 _aمدخل للبنوك، الحسابات والودائع، الأدوات المصرفية، العمليات البنكية الداخلية، التأجير التمويلي،العمليات البنكية الاسلامية، المخاطر البنكية، البنوك الالكترونية ووسائل الدفع الالكترونية
653 _aالبنوك
653 _aالبنوك- الحسابات المصرفية
653 _aالودائع المصرفية
710 _aجامعة الجزائر3: كلية العلوم الإقتصادية، العلوم التجارية وعلوم التسيير
_eناشر علمي
942 _cHANDOUT
999 _c40972
_d40972